000 01124nam a2200277 4500
005 20160623101706.0
008 160623s2006 ck ad|||r|||| 00| 0 spa d
040 _aCO-BoIAVH
_cCO-BoIAVH
041 0 _aspa
044 _ack
082 0 4 _a633.58
_bB74a
100 1 _aBotero, Luis Fernando
_eautor
245 1 0 _aAsistencia técnica y organizacional para el procesamiento industrial de la guadua. (Guadua angustifolia) /
_cLuis Fernando Botero [y otros 3]
260 _aManizales :
_bFAO,
_c2006.
300 _a94 páginas :
_bilustraciones a color y gráficas ;
_c26 x 19 cm.
650 1 6 _aGuadua
650 2 6 _aGuadua angustifolia
650 2 6 _aOperaciones forestales
650 2 6 _aSilvicultura intensiva
700 1 _aCharry, Alba Mercedes
_eautora
700 1 _aCastaño, Francisco
_eautor
700 1 _aCampos Roasio, Jorge
_eautor
710 2 _aOrganización de las Naciones Unidas para la Alimentación y la Agricultura
710 2 _aInstituto de Financiamiento, Promoción y Desarrollo de Manizales - INFIMANIZALES
942 _cLIBRO
_2ddc
999 _c5427
_d5427